| 000 | 00000nam 2200000zi 4500 |
| 001 | 9.952594 |
| 003 | CaOODSP |
| 005 | 20250826135814 |
| 006 | m o d f |
| 007 | cr cn||||||||| |
| 008 | 250623t20252025onca o f000 0 fre d |
| 020 | |a9780660779263 |
| 040 | |aCaOODSP|bfre|erda|cCaOODSP |
| 043 | |an-cn--- |
| 086 | 1 |aA104-660/2025F-PDF |
| 245 | 00|aÉtiquetage des allergènes alimentaires : |bressource pour l'industrie. |
| 264 | 1|a[Ottawa] : |bAgence canadienne d'inspection des aliments = Canadian Food Inspection Agency, |c[2025] |
| 264 | 4|c©2025 |
| 300 | |a1 ressource en ligne (2 pages non numérotées) : |billustrations |
| 336 | |atexte|btxt|2rdacontent/fre |
| 337 | |ainformatique|bc|2rdamedia/fre |
| 338 | |aressource en ligne|bcr|2rdacarrier/fre |
| 500 | |aTitre de départ. |
| 500 | |aPublié aussi en anglais sous le titre : Food allergen labelling : industry resource. |
| 520 | |a« Si vous vendez ou produisez un aliment emballé contenant des allergènes alimentaires prioritaires, des sources de gluten ou des sulfites ajoutés, alors votre produit est probablement visé par l'étiquetage des allergènes » -- Page [1]. |
| 650 | 6|aAllergie alimentaire|zCanada. |
| 650 | 6|aAliments|xÉtiquetage|xNormes|zCanada. |
| 710 | 2 |aAgence canadienne d'inspection des aliments, |eorganisme de publication. |
| 775 | 08|tFood allergen labelling : |w(CaOODSP)9.952593 |
| 856 | 40|qPDF|s164 Ko|uhttps://publications.gc.ca/collections/collection_2025/acia-cfia/A104-660-2025-fra.pdf |
| 856 | 4 |qHTML|sS.O.|uhttps://inspection.canada.ca/fr/etiquetage-aliments/etiquetage/industrie/comment-etiqueter-allergenes |